| 000 | 00470cam a2200169ua 4500 | ||
|---|---|---|---|
| 003 | OSt | ||
| 008 | 250415b |||||||| |||| 00| 0 eng d | ||
| 041 | _aeng | ||
| 082 |
_a624 _bPEU/CO |
||
| 100 |
_aPeurifoy, Robert L . _97403 |
||
| 245 | _aConstruction planning, equipment and methods / | ||
| 250 | _a6 / | ||
| 260 |
_aNew Delhi : _bTata Mc-Graw Hill Publishing Company , _c2003. |
||
| 300 | _a670 ; . | ||
| 700 | 1 |
_aSchexnayder, Clifford J . _97404 |
|
| 942 | _cBK | ||
| 999 |
_c11292 _d11292 |
||